A CHILL RAIN IN JANUARY

Bibliographic Details
Main Author: Wright, L.R (Author)
Format: Book
Language:English
Subjects:

MARC

LEADER 00000cam a2200000 7i4500
001 0000126930
005 20180528.0
008 180528t1990 nyu g 0000 eng
020 |a 0140129820 
040 |a PERPUSTAM   |b eng   |c PERPUSTAM   |e rda 
090 0 0 |a 813.54   |b WRI 
100 0 |a Wright, L.R ,   |e author 
245 1 0 |a A CHILL RAIN IN JANUARY   |c L.R. Wright 
264 2 |a New York :   |b Penguin Books   |c 1990 
300 |a 273 pages ;   |c 18 cm. 
336 |a text, rdacontent 
337 |a unmediated  |2 rdamedia 
338 |a volume  |2 rdacarrier 
650 0 0 |a American literature in English 
999 |a 011133   |b Buku   |c Rak Terbuka   |e Perpustakaan Cawangan Jasin